000 00982cab a2200409 4500
001 ABS47603
008 090401t1992 xxu||||| |||| 00| 0 eng d
035 _a(Sirsi) u62602
041 _aeng
245 _aEstates Times survey: M40 corridor
260 _c1992
350 _a0
490 _aEstates Times
_v(1169) 27 November 1992, 13-29(15)
650 _aACTON
650 _aAYLESBURY
650 _aBANBURY
650 _aBICESTER
650 _aEALING
650 _aHIGH WYCOMBE
650 _aLEAMINGTON SPA
650 _aM40 CORRIDOR
650 _aMARYLEBONE
650 _aOCCUPIER PROFILES
650 _aOXFORD
650 _aOXFORDSHIRE
650 _aPADDINGTON
650 _aPARK ROYAL
650 _aRELOCATION
650 _aSOLIHULL
650 _aTHAME
650 _aTRANSPORT
650 _aUXBRIDGE
650 _aWARWICKSHIRE
690 _aPROPERTY-COMMERCIAL PROPERTY-COMMERCIAL PROPERTY MARKET
942 _n0
948 _c04/03/1997
999 _c38875
_d38875